| 000 | 00597nam a2200205Ia 4500 | ||
|---|---|---|---|
| 003 | GCL | ||
| 008 | 140319s9999 xx 000 0 ara d | ||
| 040 |
_aGCL / _cGCL |
||
| 082 | 0 | 4 |
_a270.73 _bرع |
| 100 | 1 | _aرالف تشاليس | |
| 245 | 1 | 0 |
_aعلى طريق الحياة / _cرالف تشاليس |
| 700 | 1 | _aمنيس عبد النور | |
| 260 |
_a[S.N] : _bدار الثقافة المسيحية ، _c1988 |
||
| 300 | _a150 ص | ||
| 490 | _a | ||
| 650 | 0 | 4 | _aالنصرانية |
| 650 | 0 | 4 | _aالدين المسيحى |
| 650 | 0 | 4 | _aالديانة المسيحية |
| 942 |
_2ddc _cBK |
||
| 999 |
_c52811 _d52811 |
||